| 000 | 00494nam a2200169 a 4500 | ||
|---|---|---|---|
| 001 | 3278 | ||
| 005 | 20140414131850.0 | ||
| 008 | 060215s19uu xx 00 eng d | ||
| 050 |
_aM 535 _bA88 1983 |
||
| 100 | _aArvetis, Chris | ||
| 245 |
_aWhat is a rainbow? / _cby Chris Arvetis and Carole Palmer ; illustrated by James Buckley. |
||
| 260 |
_aMiddletown, CT : _bField, _c1983. |
||
| 300 | _ap. : ill. ; cm. | ||
| 440 | _aA Just Ask Book | ||
| 650 |
_aSunlight _xFiction. |
||
| 999 |
_c110119 _d110119 |
||